Sounding the margins: collected writings, 1992-2009
Uloženo v:
| Hlavní autor: | |
|---|---|
| Médium: | Kniha |
| Jazyk: | angličtina |
| Vydáno: |
Nueva York
Deep Listening Publications
2010
|
| Vydání: | 1a. ed |
| Témata: | |
| Tagy: |
Přidat tag
Žádné tagy, Buďte první, kdo vytvoří štítek k tomuto záznamu!
|
MARC
| LEADER | 00000cam a2200000 a 4500 | ||
|---|---|---|---|
| 001 | UCC2300 | ||
| 003 | CL-VaPUC | ||
| 005 | 20231011115514.0 | ||
| 008 | 180119e20100000us |||||||||||||||||eng|d | ||
| 999 | |c 370515 |d 370513 | ||
| 020 | |a 9781889471167 | ||
| 040 | |c Pontificia Universidad Católica de Valparaíso | ||
| 082 | 0 | 4 | |a 781.2 |b OLI |2 21 |
| 100 | |a Oliveros, Pauline |e author |9 596442 | ||
| 245 | 1 | 0 | |a Sounding the margins: collected writings, 1992-2009 |
| 250 | |a 1a. ed | ||
| 260 | |a Nueva York |b Deep Listening Publications |c 2010 | ||
| 300 | |a 287 p | ||
| 583 | |a last modification |c 20180119 15:30:00 |k Rodrigo Vera | ||
| 650 | 0 | |a Teoría musical |9 265760 | |
| 650 | 0 | |a Elementos musicales |9 306544 | |
| 852 | |a BIBCUR | ||
| 942 | |c BK |2 ddc | ||
| 945 | |d 20180119 15:30:00 |a dcastane | ||
| 952 | |0 0 |1 0 |3 erb |4 0 |6 781_200000000000000_OLI_2010 |7 0 |8 ? |9 487041 |a BIBEDU |b BIBEDU |i 5449618 |l 1 |o 781.2 OLI 2010 |p 5449618 |r 2024-08-19 |s 2024-08-05 |w 2019-11-24 |y BK |z Catalogado en:20180119 |k MUS | ||